[Event "GER M-463 D email"]
[Site "GER email"]
[Date "2012.??.??"]
[Round "?"]
[White "Siedler, Kurt"]
[Black "Kollowa, Kurt"]
[Result "1-0"]
[WhiteElo "2178"]
[BlackElo "1998"]
[PlyCount "73"]
[EventDate "2011.??.??"]
[EventType "tourn (corr)"]
[EventRounds "1"]
[EventCountry "GER"]
[SourceTitle "Corr 2015"]
[Source "ChessBase"]
[SourceDate "2015.07.17"]
[SourceVersion "1"]
[SourceVersionDate "2015.07.17"]
[SourceQuality "1"]

1. e4 c5 2. Nf3 Nc6 3. d4 cxd4 4. Nxd4 Nf6 5. Nc3 e5 6. Ndb5 d6 7. Bg5 a6 8. Na3 b5 9. Nd5 Be7 10. Bxf6 Bxf6 11. c3 Bg5 12. Nc2 Ne7 13. h4 Bh6 14. a4 bxa4 15. Ncb4 0-0 16. Qxa4 a5 17. Bb5 Nxd5 18. Nxd5 Be6 19. Bc6 Rb8 20. b4 Bxd5 21. Bxd5 axb4 22. cxb4 Qb6 23. Rb1 Qd4 24. 0-0 Bd2 25. Rfd1 Rxb4 26. Qd7 g6 27. Ra1 Kg7 28. g3 Qc3 29. Qxd6 h5 30. Bxf7 Rxf7 31. Ra6 Qf3 32. Qxg6+ Kh8 33. Ra8+ Rf8 34. Rxf8+ Qxf8 35. Ra1 Rb7 36. Qxh5+ Kg8 37. Qxe5 1-0

[Event "GER M-470 D email"]
[Site "GER email"]
[Date "2012.??.??"]
[Round "?"]
[White "Siedler, Kurt"]
[Black "Shoup, Karl"]
[Result "1-0"]
[WhiteElo "2163"]
[BlackElo "1787"]
[PlyCount "49"]
[EventDate "2012.??.??"]
[EventType "tourn (corr)"]
[EventRounds "1"]
[EventCountry "GER"]
[SourceTitle "Corr 2015"]
[Source "ChessBase"]
[SourceDate "2015.07.17"]
[SourceVersion "1"]
[SourceVersionDate "2015.07.17"]
[SourceQuality "1"]

1. e4 c5 2. Nf3 d6 3. d4 cxd4 4. Nxd4 Nf6 5. Nc3 e6 6. g4 h6 7. h4 Nc6 8. Rg1 d5 9. exd5 Nxd5 10. Nxd5 Qxd5 11. Bg2 Qa5+ 12. Bd2 Qe5+ 13. Be3 Nb4 14. Qe2 Bc5 15. 0-0-0 Bd7 16. f4 Qc7 17. a3 Na6 18. Rd2 0-0-0 19. Rd3 Bxd4 20. Rxd4 Nc5 21. Kb1 Kb8 22. Re1 Bc6 23. Bxc6 Qxc6 24. Rc4 b6 25. b4 1-0

[Event "GER-ch43 V02 email"]
[Site "GER email"]
[Date "2011.??.??"]
[Round "?"]
[White "Siedler, Kurt"]
[Black "Nogga, Uwe"]
[Result "1/2-1/2"]
[WhiteElo "2178"]
[BlackElo "2176"]
[PlyCount "54"]
[EventDate "2011.04.18"]
[EventType "tourn (corr)"]
[EventRounds "8"]
[EventCountry "GER"]
[SourceTitle "Corr 2015"]
[Source "ChessBase"]
[SourceDate "2015.07.17"]
[SourceVersion "1"]
[SourceVersionDate "2015.07.17"]
[SourceQuality "1"]

1. e4 c5 2. Nf3 Nc6 3. d4 cxd4 4. Nxd4 Nf6 5. Nc3 e5 6. Ndb5 d6 7. Bg5 a6 8. Na3 b5 9. Nd5 Be7 10. Bxf6 Bxf6 11. c3 Bg5 12. Nc2 0-0 13. a4 bxa4 14. Rxa4 a5 15. Bc4 Rb8 16. Ra3 Kh8 17. Nce3 Bxe3 18. Nxe3 Ne7 19. 0-0 f5 20. exf5 Nxf5 21. Nxf5 Bxf5 22. Bd5 Qc7 23. Qd2 Bd7 24. b3 Bc6 25. Bxc6 Qxc6 26. Rxa5 Rxb3 27. Rd5 Qxc3 1/2-1/2

[Event "GER-ch41 V02 Post"]
[Site "GER email"]
[Date "2010.??.??"]
[Round "?"]
[White "Krumm, Guenther"]
[Black "Siedler, Kurt"]
[Result "1/2-1/2"]
[WhiteElo "2033"]
[BlackElo "2178"]
[PlyCount "46"]
[EventDate "2010.??.??"]
[EventType "tourn (corr)"]
[EventRounds "12"]
[EventCountry "GER"]
[SourceTitle "Corr 2015"]
[Source "ChessBase"]
[SourceDate "2015.07.17"]
[SourceVersion "1"]
[SourceVersionDate "2015.07.17"]
[SourceQuality "1"]

1. d4 Nf6 2. c4 e6 3. Nf3 Bb4+ 4. Bd2 Qe7 5. g3 Nc6 6. Nc3 d6 7. d5 exd5 8. Nxd5 Nxd5 9. cxd5 Bg4 10. Bg2 Bxf3 11. Bxf3 Ne5 12. 0-0 Bxd2 13. Qxd2 Nxf3+ 14. exf3 0-0 15. Rac1 Qd7 16. Rc3 Rfc8 17. Kg2 c5 18. dxc6 bxc6 19. Rfc1 Rab8 20. b4 h6 21. Rc4 Rb5 22. Rd4 Rd8 23. Qc3 Rc8 1/2-1/2

[Event "GER-ch41 V02 Post"]
[Site "GER email"]
[Date "2010.??.??"]
[Round "?"]
[White "Reinecke, Rudolf"]
[Black "Siedler, Kurt"]
[Result "1/2-1/2"]
[WhiteElo "2183"]
[BlackElo "2178"]
[PlyCount "116"]
[EventDate "2010.??.??"]
[EventType "tourn (corr)"]
[EventRounds "12"]
[EventCountry "GER"]
[SourceTitle "Corr 2015"]
[Source "ChessBase"]
[SourceDate "2015.07.17"]
[SourceVersion "1"]
[SourceVersionDate "2015.07.17"]
[SourceQuality "1"]

1. d4 Nf6 2. c4 e6 3. Nc3 Bb4 4. Nf3 b6 5. Bg5 h6 6. Bh4 Bb7 7. e3 g5 8. Bg3 Ne4 9. Qc2 Bxc3+ 10. bxc3 Nxg3 11. hxg3 d6 12. Bd3 Nd7 13. Be4 Bxe4 14. Qxe4 Nf6 15. Qc2 Ke7 16. e4 Qg8 17. e5 Nd7 18. 0-0 Qg6 19. Qa4 Qe4 20. Qb4 a5 21. Qb3 dxe5 22. Rad1 Qf5 23. Rfe1 e4 24. Nd2 Kf6 25. Nxe4+ Kg7 26. Rd3 g4 27. Rde3 Rac8 28. f3 h5 29. Rf1 Qg6 30. Qb5 Rhd8 31. f4 Qf5 32. Qc6 Nb8 33. Qb7 Nd7 34. Rf2 a4 35. Rb2 Nf6 36. Nxf6 Kxf6 37. a3 Rh8 38. d5 h4 39. gxh4 Rhd8 40. Qc6 Rd6 41. Qxa4 exd5 42. Rbe2 dxc4 43. Qxc4 b5 44. Qb4 Rd1+ 45. Kh2 c5 46. Qe4 Qxe4 47. Rxe4 Rd3 48. R2e3 Rcd8 49. Kg3 Kg6 50. f5+ Kxf5 51. Re5+ Kg6 52. Rg5+ Kf6 53. Kf4 Rxe3 54. Kxe3 c4 55. Rxb5 Rd3+ 56. Kf4 Rxc3 57. Rc5 Rxa3 58. Rxc4 g3 1/2-1/2

[Event "GER M-459 D email"]
[Site "GER email"]
[Date "2010.??.??"]
[Round "?"]
[White "Siedler, Kurt"]
[Black "Augustin, Horst"]
[Result "1/2-1/2"]
[WhiteElo "2194"]
[BlackElo "1975"]
[PlyCount "75"]
[EventDate "2010.??.??"]
[EventType "tourn (corr)"]
[EventRounds "1"]
[EventCountry "GER"]
[SourceTitle "Corr 2015"]
[Source "ChessBase"]
[SourceDate "2015.07.17"]
[SourceVersion "1"]
[SourceVersionDate "2015.07.17"]
[SourceQuality "1"]

1. e4 e5 2. Nf3 Nc6 3. Bb5 a6 4. Ba4 Nf6 5. 0-0 Nxe4 6. d4 b5 7. Bb3 d5 8. dxe5 Be6 9. c3 Be7 10. Be3 0-0 11. Nbd2 Nxd2 12. Qxd2 Na5 13. Bc2 Nc4 14. Qd3 g6 15. Bc1 Bf5 16. Qe2 Bxc2 17. Qxc2 f6 18. Bh6 Re8 19. Rfe1 Nxe5 20. Nxe5 fxe5 21. Rxe5 Qd7 22. Qd2 c6 23. Rae1 Bf6 24. R5e3 Rxe3 25. Qxe3 d4 26. Qe6+ Qxe6 27. Rxe6 dxc3 28. bxc3 Bxc3 29. Rxc6 b4 30. Kf1 a5 31. Ke2 a4 32. Bd2 Re8+ 33. Be3 Rb8 34. Kd1 Be5 35. Kc1 b3 36. axb3 axb3 37. Rc5 Bg7 38. Rd5 1/2-1/2

[Event "GER-ch40 V01 email"]
[Site "GER email"]
[Date "2008.04.28"]
[Round "?"]
[White "Hopp, Karlheinz"]
[Black "Siedler, Kurt"]
[Result "0-1"]
[WhiteElo "2031"]
[BlackElo "2190"]
[PlyCount "38"]
[EventDate "2008.??.??"]
[EventType "tourn (corr)"]
[EventRounds "10"]
[EventCountry "GER"]
[SourceTitle "Corr 2011"]
[Source "ChessBase"]
[SourceDate "2010.08.31"]
[SourceVersion "1"]
[SourceVersionDate "2010.08.31"]
[SourceQuality "1"]

1. d4 Nf6 2. Nf3 e6 3. e3 b6 4. Nc3 Bb7 5. Bd3 d5 6. 0-0 Be7 7. Re1 Ne4 8. Nd2 f5 9. f3 Nf6 10. Nb3 c5 11. Bb5+ Kf7 12. dxc5 bxc5 13. Bd2 Qb6 14. Bf1 a5 15. a4 Nc6 16. Nb5 Rhd8 17. Qe2 Kg8 18. Qf2 Rd7 19. Rad1 Rad8 0-1

[Event "GER-ch40 V01 email"]
[Site "GER email"]
[Date "2008.04.28"]
[Round "?"]
[White "Siedler, Kurt"]
[Black "Lindenblatt, Ingo"]
[Result "1-0"]
[WhiteElo "2190"]
[BlackElo "2032"]
[PlyCount "44"]
[EventDate "2008.??.??"]
[EventType "tourn (corr)"]
[EventRounds "10"]
[EventCountry "GER"]
[SourceTitle "Corr 2011"]
[Source "ChessBase"]
[SourceDate "2010.08.31"]
[SourceVersion "1"]
[SourceVersionDate "2010.08.31"]
[SourceQuality "1"]

1. e4 e6 2. d4 d5 3. Nc3 Nf6 4. Bg5 dxe4 5. Nxe4 Be7 6. Bxf6 Bxf6 7. Nf3 0-0 8. Qd2 b6 9. Nxf6+ Qxf6 10. Bd3 Bb7 11. Ng5 g6 12. 0-0-0 Bxg2 13. Rhg1 Bd5 14. Rg3 Nd7 15. Rdg1 Rfd8 16. h4 Nf8 17. h5 a5 18. Rg4 Qg7 19. Nxh7 Kxh7 20. hxg6+ fxg6 21. Qe2 Rd7 22. c4 Bxc4 1-0

[Event "GER-ch40 V01 email"]
[Site "GER email"]
[Date "2008.04.28"]
[Round "?"]
[White "Siedler, Kurt"]
[Black "Nicklich, Wolfgang"]
[Result "1/2-1/2"]
[WhiteElo "2190"]
[BlackElo "2201"]
[PlyCount "73"]
[EventDate "2008.??.??"]
[EventType "tourn (corr)"]
[EventRounds "10"]
[EventCountry "GER"]
[SourceTitle "Corr 2011"]
[Source "ChessBase"]
[SourceDate "2010.08.31"]
[SourceVersion "1"]
[SourceVersionDate "2010.08.31"]
[SourceQuality "1"]

1. e4 c5 2. Nf3 Nc6 3. d4 cxd4 4. Nxd4 Nf6 5. Nc3 e5 6. Ndb5 d6 7. Bg5 a6 8. Na3 b5 9. Nd5 Be7 10. Bxf6 Bxf6 11. c3 Rb8 12. Nc2 0-0 13. h4 Be7 14. Nce3 Be6 15. Qf3 a5 16. a3 b4 17. axb4 axb4 18. Bd3 bxc3 19. bxc3 Ra8 20. Rb1 Rb8 21. Rxb8 Qxb8 22. Nf5 Qd8 23. Qg4 Bf6 24. h5 Bg5 25. Bc4 h6 26. 0-0 Na5 27. Ba2 Kh7 28. Qf3 g6 29. Nfe3 Nb7 30. Bb3 Nc5 31. Bc2 Kg7 32. Rd1 Nd7 33. Qe2 Qa5 34. g3 Qc5 35. f4 exf4 36. gxf4 Bd8 37. hxg6 1/2-1/2

[Event "GER M-442 D email"]
[Site "GER email"]
[Date "2008.??.??"]
[Round "?"]
[White "Mey, Gerd"]
[Black "Siedler, Kurt"]
[Result "0-1"]
[WhiteElo "1896"]
[BlackElo "2188"]
[PlyCount "56"]
[EventDate "2008.??.??"]
[EventType "tourn (corr)"]
[EventRounds "6"]
[EventCountry "GER"]
[SourceTitle "Corr 2011"]
[Source "ChessBase"]
[SourceDate "2010.08.31"]
[SourceVersion "1"]
[SourceVersionDate "2010.08.31"]
[SourceQuality "1"]

1. e4 c5 2. Nf3 d6 3. d4 cxd4 4. Nxd4 Nf6 5. Nc3 a6 6. Bg5 e6 7. f4 Qc7 8. Bxf6 gxf6 9. Qd2 b5 10. f5 b4 11. Nd1 Nc6 12. fxe6 fxe6 13. Be2 Nxd4 14. Qxd4 Bg7 15. Bh5+ Ke7 16. Qxb4 Rb8 17. Qd2 Qc5 18. Bf3 f5 19. c3 Rf8 20. exf5 Rxf5 21. Be2 Bd7 22. a4 Rd5 23. Qc2 Rg5 24. g3 Rf8 25. Qxh7 Bc6 26. Rf1 Rh8 27. Qd3 Rxh2 28. b4 Qe5 0-1

[Event "GER M-442 D email"]
[Site "GER email"]
[Date "2008.??.??"]
[Round "?"]
[White "Siedler, Kurt"]
[Black "Mey, Gerd"]
[Result "1-0"]
[WhiteElo "2188"]
[BlackElo "1896"]
[PlyCount "51"]
[EventDate "2008.??.??"]
[EventType "tourn (corr)"]
[EventRounds "6"]
[EventCountry "GER"]
[SourceTitle "Corr 2011"]
[Source "ChessBase"]
[SourceDate "2010.08.31"]
[SourceVersion "1"]
[SourceVersionDate "2010.08.31"]
[SourceQuality "1"]

1. e4 c5 2. Nf3 d6 3. d4 cxd4 4. Nxd4 Nf6 5. Nc3 a6 6. Be3 e6 7. g4 e5 8. Nf5 g6 9. g5 gxf5 10. exf5 d5 11. Qf3 Ne4 12. Nxe4 dxe4 13. Qxe4 Nc6 14. Bc4 Qd6 15. Rd1 Qc7 16. 0-0 Ne7 17. Bb3 Nc6 18. Rd3 Rg8 19. Rfd1 a5 20. Kh1 a4 21. Bd5 Bd6 22. f6 Rg6 23. Bxf7+ Qxf7 24. Rxd6 Qc7 25. h4 Bg4 26. Qxg4 1-0

[Event "GER M-442 D email"]
[Site "GER email"]
[Date "2008.??.??"]
[Round "?"]
[White "Siedler, Kurt"]
[Black "Schulze, Guenter"]
[Result "1/2-1/2"]
[WhiteElo "2188"]
[BlackElo "2088"]
[PlyCount "85"]
[EventDate "2008.??.??"]
[EventType "tourn (corr)"]
[EventRounds "6"]
[EventCountry "GER"]
[SourceTitle "Corr 2011"]
[Source "ChessBase"]
[SourceDate "2010.08.31"]
[SourceVersion "1"]
[SourceVersionDate "2010.08.31"]
[SourceQuality "1"]

1. e4 c6 2. d4 d5 3. Nc3 dxe4 4. Nxe4 Nd7 5. Bc4 Ngf6 6. Ng5 e6 7. Qe2 Nb6 8. Bb3 h6 9. N5f3 a5 10. a4 Nbd5 11. c3 c5 12. dxc5 Bxc5 13. Ne5 b6 14. Ngf3 Ba6 15. Bc4 Bxc4 16. Nxc4 0-0 17. 0-0 Qc7 18. Nce5 Rfd8 19. Rd1 Nd7 20. Nxd7 Rxd7 21. Bd2 Rdd8 22. g3 Rac8 23. c4 Nb4 24. Bc3 Nc6 25. b3 e5 26. Qe4 f6 27. Qf5 Ne7 28. Qe6+ Kh7 29. Nh4 Rxd1+ 30. Rxd1 Rd8 31. Qg4 Rxd1+ 32. Qxd1 g6 33. Ng2 Nf5 34. Qd5 Qd6 35. Ne3 Nxe3 36. Qxd6 Bxd6 37. fxe3 h5 38. Kf2 g5 39. Kf3 f5 40. Ke2 Kg6 41. c5 Bxc5 42. Bxe5 Kf7 43. Bc3 1/2-1/2

[Event "GER-ch39 V02 email"]
[Site "GER email"]
[Date "2007.04.30"]
[Round "?"]
[White "Siedler, Kurt"]
[Black "Profitlich, Walter Edwin"]
[Result "1-0"]
[WhiteElo "2188"]
[BlackElo "2053"]
[PlyCount "103"]
[EventDate "2007.??.??"]
[EventType "tourn (corr)"]
[EventRounds "10"]
[EventCountry "GER"]
[SourceTitle "Corr 2011"]
[Source "ChessBase"]
[SourceDate "2010.08.31"]
[SourceVersion "1"]
[SourceVersionDate "2010.08.31"]
[SourceQuality "1"]

1. e4 c5 2. Nf3 d6 3. d4 cxd4 4. Nxd4 Nf6 5. Nc3 a6 6. Be3 e6 7. g4 e5 8. Nf5 g6 9. g5 gxf5 10. exf5 d5 11. Qf3 d4 12. 0-0-0 Nbd7 13. Bxd4 exd4 14. Rxd4 Bc5 15. Rd2 Qc7 16. gxf6 Nxf6 17. Nd5 Nxd5 18. Rxd5 Be7 19. Bh3 Bg5+ 20. Kb1 0-0 21. f6 Qf4 22. Qh5 Bh6 23. Rd4 Qxf6 24. Rh4 Re8 25. Qxh6 Qxh6 26. Rxh6 Re2 27. f3 Bxh3 28. Rxh3 Rd8 29. Rg1+ Kh8 30. a4 Rf2 31. a5 Rc8 32. c3 Rd8 33. Rh6 Rxf3 34. Rb6 Rd7 35. c4 Rf5 36. b4 Rf3 37. Rg2 Re3 38. c5 Rc7 39. c6 Ree7 40. Rc2 Kg7 41. Rc4 Rxc6 42. Rcxc6 bxc6 43. Rxa6 f5 44. Kb2 Re4 45. Kb3 Re3+ 46. Ka4 Rc3 47. Ra7+ Kg6 48. a6 f4 49. Rd7 Rc2 50. Ka5 f3 51. a7 Rxh2 52. Rd3 1-0

[Event "GER-ch39 V02 email"]
[Site "GER email"]
[Date "2007.04.30"]
[Round "?"]
[White "Siedler, Kurt"]
[Black "Remshagen, Peter"]
[Result "1/2-1/2"]
[WhiteElo "2188"]
[BlackElo "2131"]
[PlyCount "58"]
[EventDate "2007.??.??"]
[EventType "tourn (corr)"]
[EventRounds "10"]
[EventCountry "GER"]
[SourceTitle "Corr 2011"]
[Source "ChessBase"]
[SourceDate "2010.08.31"]
[SourceVersion "1"]
[SourceVersionDate "2010.08.31"]
[SourceQuality "1"]

1. e4 d6 2. d4 Nf6 3. Nc3 g6 4. f4 Bg7 5. Nf3 0-0 6. e5 dxe5 7. dxe5 Qxd1+ 8. Kxd1 Nh5 9. Be3 Bg4 10. Be2 Nc6 11. Nd2 Bxe2+ 12. Kxe2 g5 13. fxg5 Nxe5 14. Rad1 Ng4 15. Nde4 f5 16. gxf6 exf6 17. Bc5 f5 18. Bxf8 Rxf8 19. h3 Ne5 20. Nc5 Ng3+ 21. Kf2 Nxh1+ 22. Rxh1 Re8 23. Rd1 b6 24. Na6 c6 25. Ne2 Bf6 26. b3 Kf7 27. Nf4 Bg5 28. g3 Rd8 29. Rxd8 Bxd8 1/2-1/2

[Event "GER-ch39 V02 email"]
[Site "GER email"]
[Date "2007.04.30"]
[Round "?"]
[White "Siedler, Kurt"]
[Black "Schulze, Guenter"]
[Result "1-0"]
[WhiteElo "2188"]
[BlackElo "2053"]
[PlyCount "91"]
[EventDate "2007.??.??"]
[EventType "tourn (corr)"]
[EventRounds "10"]
[EventCountry "GER"]
[SourceTitle "Corr 2011"]
[Source "ChessBase"]
[SourceDate "2010.08.31"]
[SourceVersion "1"]
[SourceVersionDate "2010.08.31"]
[SourceQuality "1"]

1. e4 c5 2. Nf3 Nc6 3. d4 cxd4 4. Nxd4 e5 5. Nb5 a6 6. Nd6+ Bxd6 7. Qxd6 Qf6 8. Qd1 Qg6 9. Nc3 d5 10. Nxd5 Qxe4+ 11. Be3 Nd4 12. Nc7+ Ke7 13. Rc1 Bg4 14. Qd3 Qxd3 15. Bxd3 Rd8 16. f3 Bh5 17. Rd1 Rd7 18. Na8 Nxf3+ 19. gxf3 Bxf3 20. Bc5+ Ke8 21. Kf2 Bxd1 22. Rxd1 e4 23. Re1 f5 24. Nb6 Rd8 25. Bc4 Nf6 26. Ke2 Nd7 27. Nxd7 Rxd7 28. Bb4 Rc7 29. Bb3 b6 30. Rd1 Rd7 31. Bd5 Kd8 32. Bd2 Rd6 33. Bf4 Kd7 34. Be6+ Kxe6 35. Rxd6+ Ke7 36. Rxb6 Ra8 37. c4 a5 38. c5 g6 39. c6 Rc8 40. c7 Kd7 41. Ra6 g5 42. Be5 f4 43. Rxa5 h6 44. Rd5+ Kc6 45. Rd4 Kb7 46. Rxe4 1-0

[Event "GER-ch38 V02 email"]
[Site "GER email"]
[Date "2007.??.??"]
[Round "?"]
[White "Siedler, Kurt"]
[Black "Mehaux, Heiko"]
[Result "1/2-1/2"]
[WhiteElo "2197"]
[BlackElo "2087"]
[PlyCount "55"]
[EventDate "2007.??.??"]
[EventType "tourn (corr)"]
[EventRounds "7"]
[EventCountry "GER"]
[SourceTitle "Corr 2008"]
[Source "ChessBase"]
[SourceDate "2008.06.24"]
[SourceVersion "1"]
[SourceVersionDate "2008.06.24"]
[SourceQuality "1"]

1. e4 c5 2. Nf3 e6 3. d4 cxd4 4. Nxd4 Nc6 5. Nb5 d6 6. Bf4 e5 7. Be3 Nf6 8. Bg5 Be6 9. Nd2 a6 10. Bxf6 gxf6 11. Nc3 d5 12. exd5 Bxd5 13. Nxd5 Qxd5 14. Nc4 Qe6 15. Ne3 f5 16. Bc4 Qg6 17. Qf3 f4 18. Bd3 Bb4+ 19. Kf1 Qe6 20. Bf5 Qf6 21. Be4 0-0-0 22. Nd5 Qe6 23. c3 Bd6 24. Qh3 Qxh3 25. gxh3 Ne7 26. Nxe7+ Bxe7 27. Ke2 h6 28. Rhg1 1/2-1/2

[Event "GER-ch38 V02 email"]
[Site "GER email"]
[Date "2007.??.??"]
[Round "?"]
[White "Skorna, Ullrich"]
[Black "Siedler, Kurt"]
[Result "1/2-1/2"]
[WhiteElo "2122"]
[BlackElo "2197"]
[PlyCount "55"]
[EventDate "2007.??.??"]
[EventType "tourn (corr)"]
[EventRounds "7"]
[EventCountry "GER"]
[SourceTitle "Corr 2008"]
[Source "ChessBase"]
[SourceDate "2008.06.24"]
[SourceVersion "1"]
[SourceVersionDate "2008.06.24"]
[SourceQuality "1"]

1. e4 c5 2. b3 Nc6 3. Bb2 e6 4. Bb5 Nf6 5. e5 Nd5 6. Nf3 Qc7 7. 0-0 Be7 8. Re1 0-0 9. Bf1 f6 10. c4 Nf4 11. exf6 Bxf6 12. Bxf6 Rxf6 13. g3 b6 14. Nc3 Bb7 15. d4 cxd4 16. Nxd4 Ne5 17. Ne4 Rg6 18. Nb5 Qd8 19. b4 Bc6 20. Nd4 Qh4 21. Nxc6 dxc6 22. Kh1 Qh6 23. gxf4 Qxf4 24. Ng3 Ng4 25. Qe2 Nxf2+ 26. Kg1 Rxg3+ 27. hxg3 Qxg3+ 28. Bg2 1/2-1/2

[Event "GER-ch37 V2 email"]
[Site "GER email"]
[Date "2006.??.??"]
[Round "?"]
[White "Siedler, Kurt"]
[Black "Reichgeld, Manfred"]
[Result "1/2-1/2"]
[WhiteElo "2196"]
[BlackElo "2113"]
[PlyCount "88"]
[EventDate "2006.??.??"]
[EventType "tourn (corr)"]
[EventRounds "10"]
[EventCountry "GER"]
[SourceTitle "Corr 2008"]
[Source "ChessBase"]
[SourceDate "2008.06.24"]
[SourceVersion "1"]
[SourceVersionDate "2008.06.24"]
[SourceQuality "1"]

1. e4 e5 2. Nf3 Nc6 3. Bb5 a6 4. Ba4 Nf6 5. 0-0 b5 6. Bb3 Bb7 7. c3 Nxe4 8. d4 Na5 9. Bc2 exd4 10. b4 Nc4 11. Bxe4 Bxe4 12. Re1 d5 13. Nxd4 c5 14. bxc5 Bxc5 15. f3 0-0 16. fxe4 dxe4 17. Rxe4 Qd5 18. Rh4 Rad8 19. Nd2 Ne3 20. Qf3 Nf5 21. Qxd5 Rxd5 22. Rh5 g6 23. Rxf5 Rxf5 24. N2f3 Re8 25. Kf1 Rd5 26. Bd2 Bb6 27. Rb1 Bc5 28. Re1 Rxe1+ 29. Kxe1 f6 30. Nc6 Kf7 31. Nb4 Rd6 32. Bf4 Re6+ 33. Kd2 Re4 34. Nxa6 Be7 35. Be3 Ra4 36. Nc7 Rxa2+ 37. Kd3 b4 38. cxb4 Bxb4 39. Nd5 Bd6 40. g3 g5 41. Bd2 h5 42. Nc3 Ra1 43. Ne4 Be7 44. Bc3 Ra2 1/2-1/2

[Event "GER-ch37 V2 email"]
[Site "GER email"]
[Date "2006.??.??"]
[Round "?"]
[White "Thalmann, Frank"]
[Black "Siedler, Kurt"]
[Result "1/2-1/2"]
[WhiteElo "2323"]
[BlackElo "2196"]
[PlyCount "77"]
[EventDate "2006.??.??"]
[EventType "tourn (corr)"]
[EventRounds "10"]
[EventCountry "GER"]
[SourceTitle "Corr 2008"]
[Source "ChessBase"]
[SourceDate "2008.06.24"]
[SourceVersion "1"]
[SourceVersionDate "2008.06.24"]
[SourceQuality "1"]

1. e4 c5 2. Nf3 d6 3. d4 cxd4 4. Nxd4 Nf6 5. Nc3 a6 6. Be3 e6 7. g4 e5 8. Nf5 g6 9. g5 gxf5 10. exf5 d5 11. gxf6 d4 12. Bc4 Qc7 13. Qd3 dxe3 14. 0-0-0 exf2 15. Bxf7+ Kxf7 16. Qd5+ Kxf6 17. Ne4+ Ke7 18. f6+ Ke8 19. f7+ Ke7 20. Qd2 Qb6 21. Qg5+ Kxf7 22. Rhf1 Bh6 23. Rxf2+ Ke8 24. Rd8+ Qxd8 25. Qxh6 Qe7 26. Nf6+ Kd8 27. Nd5 Qe6 28. Qg5+ Kd7 29. Qg7+ Kc6 30. Rf6 Kxd5 31. Rxe6 Kxe6 32. Qxh8 Nd7 33. Qg8+ Kd6 34. Qxh7 Nc5 35. b4 Ne6 36. h4 Bd7 37. Qd3+ Ke7 38. Qh7+ Kd6 39. Qd3+ 1/2-1/2